000
00254nam a2200109Ia 4500
008
190914s9999||||xx |||||||||||||| ||und||
100
_a
Mumtaz Mufti
245
0
_a
Ali Pur Ka Aeli
260
_a
Lahore
_b
Alfaisal Nashran
_c
1998
300
_a
781
942
_c
BK
999
_c
8704
_d
8704